Quizzes
Events
Quiz Creation
Community
Videos
Private Events
Remove Ads
Sign In
Join for FREE
Feedback
Dark Mode
Quiz Categories
Sports
Geography
Music
Movies
Television
Just For Fun
Miscellaneous
History
Literature
Language
Science
Gaming
Entertainment
Religion
Holiday
For Kids
Quiz Lab
Recent
Popular Today
Quiz Kudos Today
Editor Picks
Curator Picks
Quizzes by...
Day
Popularity
Type
Ratings
Length
Year
Community
Subscriptions
Recent Discussions
Orange Saloon
Badges
Playlists
Quests
Create
Leaderboards
Showdown
Live 5
Trivia Bingo
Activity
Puzzle Library
Sporcle Events
Private Events
Virtual Trivia
Globe League
Become a Host
Pub Owners
SporcleCon
Opinionation
Our Games
Videos
Blog
Mobile Apps
Partnerships
Remove Ads and Go Orange
Feedback
Sports
Athletes
MLB
NBA
NHL
NFL
Soccer
Sports Teams
WWE
NCAA
Football
Premier League
Basketball
Baseball
Hockey
Golf
Tennis
Cricket
Rugby
Auto Racing
Olympics
World Cup
Sports
Athletes
MLB
NBA
NHL
NFL
Soccer
Sports Teams
WWE
NCAA
Football
Premier League
Basketball
Baseball
Hockey
Golf
Tennis
Cricket
Rugby
Auto Racing
Olympics
World Cup
Random Quiz
Search Sporcle
×
Quiz Lab
Quiz Lab
Sports
2005
Type in answers that appear in a list
Type in answers that appear in a list
Classic
Best Score? Go Orange.
Liverpool: Who won the cup? Stats
Can you name the man of the match for Liverpool's Cup Wins?
By
Trojan
4m
24 Questions
131 Plays
131 Plays
131 Plays
Comments
Comments
Give Quiz Kudos
Give Quiz Kudos
-
- Ratings
hide this ad
Replay
Link that replays current quiz
Next Quiz
Link to next quiz in quiz playlist
You Got
0%
They Got
Avg Score
65%
Avg Friend Score
Upgrade to see
Score Distribution
Jump to the score distribution portion of the page
Score
0/24
Timer
04:00
0
Plays Today
Year
Player
% Correct
2005 European Cup Final
Steven Gerrard
94.7%
2006 FA Cup Final
Steven Gerrard
94.7%
1978 European Cup Final
Kenny Dalglish
82.4%
1989 FA Cup Final
Ian Rush
82.4%
Jamie Carragher
75.6%
1973 UEFA Cup Final
Kevin Keegan
74.8%
1974 FA Cup Final
Kevin Keegan
74.8%
1976 UEFA Cup Final
Kevin Keegan
74.8%
1977 European Cup Final
Kevin Keegan
74.8%
Jerzy Dudek
74%
1981 League Cup Final Replay
Alan Hansen
70.2%
1984 League Cup Final
Alan Hansen
70.2%
Year
Player
% Correct
1992 FA Cup Final
Steve McManaman
62.6%
1995 League Cup Final
Steve McManaman
62.6%
2001 FA Cup Final
Sami Hyypia
61.1%
1981 League Cup Final
Alan Kennedy
59.5%
1981 European Cup Final
Alan Kennedy
59.5%
2001 UEFA Cup Final
Gary McAllister
59.5%
1984 League Cup Final Replay
Graeme Souness
55.7%
1986 FA Cup Final
Jan Molby
52.7%
1982 League Cup Final
Ronnie Whelan
48.1%
1983 League Cup Final
Ronnie Whelan
48.1%
2001 League Cup Final
Dietmar Hamann
37.4%
1965 FA Cup Final
Gerry Byrne
29.8%
Quiz Playlist
Details
Report
Send in Message
Add To Playlist
Classic:
Type in answers that appear in a list
Last Updated: Feb 16, 2017
Quiz Scoreboard
CHALLENGE
Sign Up to Join the Scoreboard
Show All
Scores
Hide
Comments
May contain spoilers
Recently Published
An Introduction to Baseball
by treessimontrees
Sports
5m
Movies - When Are They Set?
by FPL_Elf
Movies
5m
Popular People in 1961
by mucciniale
History
6m
More to Explore
Quiz From the Vault
Featured Blog Post
Where Did the Easter Bunny Come From?
hide this ad
You Might Also Like...
Tags
2005
cup
Cup Winner
Gerrard
Liverpool
Man
Matching
Midfielder
Steven
Win
Won
Today's Top Quizzes in Sports
Browse Sports
hide this ad
Today's Top Quizzes in 2005
Browse 2005
Top Contributed Quizzes in Sports
1
Les meilleurs buteurs des matchs entre le PSG et l’OM
2
2022 World Cup Stars
3
FIFA Club World Cup Champions
4
Les entraîneurs de l'OM et du PSG au 21e siècle
5
Name the Premier League winners with different clubs
6
La finale Lions - Afrique du Sud 2021
7
Criteria MLB: Left Handed Sluggers
8
Les joueurs passés par le LOSC et le RC Lens
9
Players with Multiple 50 Home Run Seasons
10
MLB Players with Two .350 Batting Average Seasons
Explore More
Trending Topics
Crossword
Kpop
Anime
Disney
NBA
Marvel
Harry Potter
NFL
Country
Soccer
Pokémon
WWE
The Office
Song
Puzzle
hide this ad
More By:
Trojan
Quiz
Plays
Rating
Category
Featured
Created
Liverpool: Last Time Played
174
2.00
Sports
Jul 13, 2011
Liverpool: Scouse Squad
168
2.50
Sports
Jul 13, 2011
Liverpool Players Capped By Ireland
160
2.00
Sports
Jul 13, 2011
Liverpool: Who won the cup?
131
5.00
Sports
Jul 12, 2011
Go to Creator's Profile
Score Distribution
Quiz Creator Spotlight
Trojan
Follow
Send a Message
Quizzes Created
-
Created Quiz Play Count
-
More By This Creator
Popular Quizzes Today
1
Find the Countries of Europe - No Outlines Minefield
2
Find the US States - No Outlines Minefield
3
The Countries of the World
4
Popular People in 1961
5
US States
6
1-10 Letter E Words III
7
Find the US States
8
One Thing in Common: World Cities II
More Sports Quizzes
NHL Vancouver Canucks Goalies by Masks
Curator's Pick
Trending Quizzes
Risky Map Clicking: Least Populous States A-Z
1-10 Letter F Words
1-10 Letter G Words
One Thing in Common: United Kingdom
Risky Map Clicking: Next State Alphabetically
Recently Updated
Leaping Animals
pecheneg
Reality TV Shows (A-Z)
bhenderson79
Rickey Henderson's Hall of Fame Teammates
pecheneg
Champions League XIs: Arsenal
pecheneg
Quick Pick: Celebrities in WWE's Hall of Fame
aduchscher
A-Z Keypad Blitz II
pecheneg
Multiple Oscar Actors
pecheneg
Mystery Phrase Blitz: Oscar 'Best Actors'
pecheneg
F. Scott Fitzgerald Novels
LTH
Pick 3 Villains
ddd62291
Trending Topics
Anime
Marvel
NBA
Kpop
Harry Potter
Crossword
Disney
WWE
Puzzle
Country
NFL
The Office
Song
Soccer
Pokémon
Your Account Isn't Verified!
In order to create a playlist on Sporcle, you need to verify the email address you used during registration. Go to your
Sporcle Settings
to finish the process.
Report this User
Report this user for behavior that violates our
Community Guidelines
.
Details:
Send Report
Go to the Sporcle.com Mobile Site →
Comments